Los elementos de la vida: construcción de una teoría sobre la praxis a partir de la filosofía de Spinoza

Guardado en:
Bibliografiske detaljer
Hovedforfatter: Ferlini Cartín, Héctor
Format: Bog
Sprog:Undetermined
Udgivet: San José, Costa Rica Universidad de Costa Rica, Facultad de Letras, Escuela de Filosofía 2015
Fag:
Tags: Tilføj Tag
Ingen Tags, Vær først til at tagge denne postø!

MARC

LEADER 00000nam a2200000Ia 4500
008 170316s9999 xx 000 0 und d
090 |a TESIS 910 
100 |a Ferlini Cartín, Héctor 
245 |a Los elementos de la vida: construcción de una teoría sobre la praxis a partir de la filosofía de Spinoza 
260 |a San José, Costa Rica 
260 |b Universidad de Costa Rica, Facultad de Letras, Escuela de Filosofía 
260 |c 2015 
300 |a 139 páginas 
650 |a TRABAJO FINAL DE GRADUACIÓN 
650 |a LICENCIATURA EN FILOSOFÍA 
650 |a ELEMENTOS DE LA VIDA 
650 |a TEORÍA SOBRE LA PRAXIS 
650 |a EL CUERPO DEL DESEO 
650 |a LA PRAXIS 
650 |a LA FILOSOFÍA DE BARUCH SPINOZA 
650 |a TESIS 
999 |c 30367  |d 30367 
040 |a cru BVZT 
942 |c 15 D  |h TESIS 910  |2 z